000 00466nam a2200181Ia 4500
005 20250326125810.0
008 250326s9999 xx 000 0 und d
037 _aTextbook
040 _aFMSL
_beng
_cFMSL
041 _aeng
_2eng
084 _aX:513 N7
_qFMSL
100 _aCaples J
_9739719
245 0 _aMaking ads pay
_cCaples J
260 _aNY
_bNY, Harper & Row
_c1957
300 _a248p
942 _cTB
_hX:513 N7
999 _c1279633
_d1279633